Southville International School and Colleges
Your cart is empty.
  • Cart
  • Lists
    Public lists Eva Luna New books Lux_list list_1
    Your lists Log in to create your own lists
  • Log in to your account
  • Your cookies
  • Search history
Southville International School and Colleges
  • Advanced search
  • Recent comments
  • Most popular
  • Libraries

Log in to your account

Log in with GOOGLE


If you do not have an external account, but do have a local account, you can still log in:

  1. Home
  2. MARC view: Medical-surgical nursing :
Normal view MARC view ISBD view

Medical-surgical nursing : (Record no. 357671)

[ view plain ]
MARC details
000 -LEADER
fixed length control field 00757nam a2200277Ia 4500
008 - FIXED-LENGTH DATA ELEMENTS--GENERAL INFORMATION
fixed length control field 180523s9999 xx 000 0 und d
020 ## - INTERNATIONAL STANDARD BOOK NUMBER
International Standard Book Number 978-981-2596-49-9
050 ## - LIBRARY OF CONGRESS CALL NUMBER
Classification number MAIN RT 41
050 ## - LIBRARY OF CONGRESS CALL NUMBER
Item number .I36 2006 c.2
100 ## - MAIN ENTRY--PERSONAL NAME
Personal name Ignatavicius, Donna D.
245 #0 - TITLE STATEMENT
Title Medical-surgical nursing :
245 #0 - TITLE STATEMENT
Remainder of title critical thinking for collaborative care /
245 #0 - TITLE STATEMENT
Statement of responsibility, etc Donna D. Ignatavicius, M. Linda Workman.
250 ## - EDITION STATEMENT
Edition statement 5th Edition
260 ## - PUBLICATION, DISTRIBUTION, ETC. (IMPRINT)
Place of publication, distribution, etc Singapore :
260 ## - PUBLICATION, DISTRIBUTION, ETC. (IMPRINT)
Name of publisher, distributor, etc Elsevier,
260 ## - PUBLICATION, DISTRIBUTION, ETC. (IMPRINT)
Date of publication, distribution, etc 2006
300 ## - PHYSICAL DESCRIPTION
Extent 1 volume (various paging) :
300 ## - PHYSICAL DESCRIPTION
Other physical details illustrations ;
300 ## - PHYSICAL DESCRIPTION
Dimensions 26 cm.
500 ## - GENERAL NOTE
General note Includes index.
650 ## - SUBJECT ADDED ENTRY--TOPICAL TERM
Topical term or geographic name as entry element Nursing care.
650 ## - SUBJECT ADDED ENTRY--TOPICAL TERM
Topical term or geographic name as entry element Nursing.
650 ## - SUBJECT ADDED ENTRY--TOPICAL TERM
General subdivision Nursing process.
650 ## - SUBJECT ADDED ENTRY--TOPICAL TERM
General subdivision Surgical nursing.
Holdings
Withdrawn status Lost status Damaged status Home library Current library Shelving location Date acquired Total Checkouts Full call number Barcode Date last seen Price effective from Koha item type
      South Mansfield College South Mansfield College   06/18/2008   MAIN RT 41 .I36 2006 c.2 SMC03619 05/23/2018 05/23/2018  

Medical-surgical nursing :

APA

Ignatavicius D. D., .Medical-surgical nursing. Singapore: .

Chicago

Ignatavicius Donna D, .Medical-surgical nursing. Singapore: .

Harvard

Ignatavicius D. D., .Medical-surgical nursing. Singapore: .

MLA

Ignatavicius Donna D, .Singapore: . .

  • Place hold
  • Print
  • Cite
  • Add to your cart (remove)
  • Save record
    BIBTEX Dublin Core MARCXML MARC (non-Unicode/MARC-8) MARC (Unicode/UTF-8) MARC (Unicode/UTF-8, Standard) MODS (XML) RIS
  • More searches
    Search for this title in:
    Other Libraries (WorldCat) Other Databases (Google Scholar) Online Stores (Bookfinder.com) Open Library (openlibrary.org)

Exporting to Dublin Core...

SOUTHVILLE LIBRARY

Southville International School and Colleges Library

1281 Tropical Ave. Cor. Luxembourg St., BF Homes International, Las Pinas City

Tel. No. 8256374 / 252358 Loc. 117/146

Powered by Koha